De principiis de virtutibus et praeceptis

Saved in:
Bibliografiske detaljer
Main Authors: Hurth, Franz (Author), Abellán, Pedro M (Author)
Format: Bog
Sprog:latin
Udgivet: Roma Pontificiae Universitatis Gregorianae 1948
Fag:
Tags: Tilføj Tag
Ingen Tags, Vær først til at tagge denne postø!

MARC

LEADER 00000nam a2200000 a 4500
001 UCO1853
003 CL-VaPUC
008 000525e19480000IT |||||||||||||||||lat|d
082 0 4 |a 241  |b HOR  |2 21 
100 0 |a Hurth, Franz  |e author  |9 444405 
700 0 |a Abellán, Pedro M  |e author  |9 444406 
245 1 0 |a De principiis de virtutibus et praeceptis 
300 |a v 
942 |c BK 
945 |d 20000525 00:00:00  |a rbrito 
260 |a Roma  |b Pontificiae Universitatis Gregorianae  |c 1948 
500 |a v.1: Notae ad praelectiones theologiae moralis 
650 0 |a Virtudes  |9 309526 
650 0 |a Teología moral   |9 256617 
583 |a last modification  |c 20190710 07:59:43  |k Rodrigo Vera 
999 |c 288444  |d 288442 
952 |0 0  |1 0  |4 0  |6 241_000000000000000_HOR_1948  |7 0  |8 P  |9 336119  |a BIBTEO  |b BIBTES  |c TEO_FTES  |d 2019-11-20  |h v.1  |i 3606384  |o 241 HOR 1948  |p 3606384  |r 2024-01-18  |w 2019-11-20  |y BK  |k ICR